High street values to be hit as shoppers buy from home. (Record no. 60425)

MARC details
000 -LEADER
fixed length control field 00897cam a2200205 4500
001 - CONTROL NUMBER
control field ABS60776
008 - FIXED-LENGTH DATA ELEMENTS--GENERAL INFORMATION
fixed length control field 000000n1999 000 0 eng u
035 ## - SYSTEM CONTROL NUMBER
System control number (Sirsi) u101272
100 ## - MAIN ENTRY--PERSONAL NAME
Personal name Cooper, M.
245 ## - TITLE STATEMENT
Title High street values to be hit as shoppers buy from home.
260 ## - PUBLICATION, DISTRIBUTION, ETC.
Date of publication, distribution, etc. 1999
490 ## - SERIES STATEMENT
Series statement Estates Gazette
Volume/sequential designation (9923) 12 June 1999, 61(1)
520 ## - SUMMARY, ETC.
Summary, etc. Considers the impact of internet shopping on the property industry, suggesting that it could take sales away from store-based retailers and thus reduce the value of retail property. Research by FPD Savills suggests, however, that demand for warehousing from retailers moving to selling over the internet could be as much as 743,200sqm.
650 ## - SUBJECT ADDED ENTRY--TOPICAL TERM
Topical term or geographic name entry element RETAIL PROPERTY
650 ## - SUBJECT ADDED ENTRY--TOPICAL TERM
Topical term or geographic name entry element E-COMMERCE
650 ## - SUBJECT ADDED ENTRY--TOPICAL TERM
Topical term or geographic name entry element INTERNET
650 ## - SUBJECT ADDED ENTRY--TOPICAL TERM
Topical term or geographic name entry element RETAIL PROPERTY
690 ## - LOCAL SUBJECT ADDED ENTRY--TOPICAL TERM (OCLC, RLIN)
Topical term or geographic name as entry element MANAGEMENT-BUSINESS MANAGEMENT-INFORMATION MANAGEMENT
942 ## - ADDED ENTRY ELEMENTS (KOHA)
Suppress in OPAC 0
Holdings
Withdrawn status Lost status Source of classification or shelving scheme Damaged status Not for loan Home library Current library Shelving location Date acquired Total Checkouts Full call number Barcode Date last seen Copy number Price effective from Koha item type
    Dewey Decimal Classification     London London Journal article 03/11/1999   ABS60776 101272-1001 06/08/2019 1 06/08/2019 Journal article